| 000 | 00897nam a2200217Ii 4500 | ||
|---|---|---|---|
| 003 | JO-AjNU | ||
| 008 | 230605s9999||||xx |||||||||||||| ||und|| | ||
| 017 | _a2010/24779 | ||
| 040 |
_aJO-AjNU _bara _erda _cJO-AjNU |
||
| 041 | _aara | ||
| 050 | 1 | 4 | _aHF1414.2011 |
| 100 | 3 |
_aالمنظمة العربية للتنمية الإدارية , _eauthor _934411 |
|
| 245 | 0 | 0 | _aالتنافسية وأثرها على الاستثمارات العربية |
| 264 | 3 | 1 | _aالقاهرة: المنظمة العربية للتنمية الادارية،2011 |
| 300 | _a358ص | ||
| 336 |
_atext _btxt _2rdacontent |
||
| 337 |
_aunmediated _bn _2rdamedia |
||
| 338 |
_avolume _bnc _2rdacarrier |
||
| 490 | 0 | _a إصدرات المنظمة العربية للتنمية الإدارية. أعمال المؤتمرات | |
| 650 | 4 |
_aالاستثمار -- البلاد العربية -- مؤتمرات _934412 |
|
| 999 |
_aA14107 _c17675 _d17675 |
||